000 nam a22 7a 4500
999 _c127721
_d127721
008 180320b xxu||||| |||| 00| 0 eng d
020 _a9782850495571
050 _aBX2385.A71
100 _aAlphonso, Herbert
_940800
245 _aTu m'as appele par mon nom
_bla vocation personnelle du croyant
_cHerbert Alphonso
250 _a3rd. ed.
260 _aParis
_bEditions Saint-Paul
_c1995
300 _a75cm. ;
_c19cm.
440 _aCroire
_940801
650 _aReligious life
_xVocation
_940802
700 _aRenaud, Marie-Genevieve
_etr.
_940977
942 _2lcc
_cMONOGRAPH